Учебные спортивные интеллектуальные состязания по программированию среди студентов (Запись № 11848072)

Подробности
000 -МАРКЕР
контрольное поле 01965nam0a2200361 4500
001 - ИДЕНТИФИКАТОР ЗАПИСИ
контрольное поле RU\NLR\BIBL_A\011187191
005 - ИДЕНТИФИКАТОР ВЕРСИИ
контрольное поле 20260409074455.0
010 ## - МЕЖДУНАРОДНЫЙ СТАНДАРТНЫЙ НОМЕР КНИГИ (ISBN)
Номер (ISBN) 978-5-7526-0730-1
Тираж 80
021 ## - НОМЕР ГОСУДАРСТВЕННОЙ РЕГИСТРАЦИИ
Код страны Российская Федерация
Номер 2016-56161
Номер Листа государственной регистраци 3563
035 ## - ДРУГИЕ СИСТЕМНЫЕ НОМЕРА
Идентификатор записи (NLR Aleph) 011187191
035 ## - ДРУГИЕ СИСТЕМНЫЕ НОМЕРА
Идентификатор записи (NILC)RuMoRGB-008550067
100 ## - ДАННЫЕ ОБЩЕЙ ОБРАБОТКИ
Данные общей обработки 20160802d2016 k y0rusy50 ca
101 0# - ЯЗЫК РЕСУРСА
Язык текста, звукозаписи и т.д. русский
102 ## - СТРАНА ПУБЛИКАЦИИ ИЛИ ПРОИЗВОДСТВА
Страна публикации Российская Федерация
105 ## - ПОЛЕ КОДИРОВАННЫХ ДАННЫХ: ТЕКСТОВЫЕ МАТЕРИАЛЫ, МОНОГРАФИЧЕСКИЕ
Кодированные данные о монографическом текстовом документе a|||z|||000yy
200 1# - ЗАГЛАВИЕ И СВЕДЕНИЯ ОБ ОТВЕТСТВЕННОСТИ
Основное заглавие Учебные спортивные интеллектуальные состязания по программированию среди студентов
Сведения, относящиеся к заглавию XVII семинар-олимпиада по программированию среди студентов (Ижевск, 10-22 февраля 2016 г.)
210 ## - ПУБЛИКАЦИЯ, РАСПРОСТРАНЕНИЕ И ДР.
Место издания, распространения и т.д. Ижевск
Имя издателя, распространителя и т. д. Изд-во ИжГТУ
Дата издания, распространения и т.д. 2016
215 ## - ФИЗИЧЕСКАЯ ХАРАКТЕРИСТИКА
Специфическое обозначение материала и объем 51 с.
Другие сведения о физической характеристике ил.
Размеры 20
300 ## - ОБЩИЕ ПРИМЕЧАНИЯ
Текст примечания В надзаг.: М-во образования и науки Рос. Федерации, Федер. гос. бюджет. образоват. учреждение высш. образования "Ижев. гос. техн. ун-т им. М.Т. Калашникова"
606 ## - НАИМЕНОВАНИЕ ТЕМЫ КАК ПРЕДМЕТ
Наименование темы Программирование (компьют.)
Тематический подзаголовок Задачи
-- Решение
Формальный подзаголовок Учебные издания
Идентификатор авторитетной/нормативной записи RU\NLR\AUTH\661295888
Системный номер авторитетной/нормативной записи 2152009
606 ## - НАИМЕНОВАНИЕ ТЕМЫ КАК ПРЕДМЕТ
Наименование темы Программирование (компьют.)
Тематический подзаголовок Олимпиады студенческие
Идентификатор авторитетной/нормативной записи RU\NLR\AUTH\661490804
Системный номер авторитетной/нормативной записи 2515233
686 1# - ИНДЕКСЫ ДРУГИХ КЛАССИФИКАЦИЙ
Индекс З973.233я7-42
686 1# - ИНДЕКСЫ ДРУГИХ КЛАССИФИКАЦИЙ
Индекс Ч486.29-382.61
710 12 - НАИМЕНОВАНИЕ ОРГАНИЗАЦИИ - ПЕРВИЧНАЯ ОТВЕТСТВЕННОСТЬ
Начальный элемент ввода Учебные спортивные интеллектуальные состязания по программированию среди студентов
Порядковый номер временной организации и / или порядковый номер ее части 17
Место проведения временной организации Ижевск
Дата проведения временной организации 2016
Системный номер авторитетной/нормативной записи 525410
Идентификатор авторитетной/нормативной записи RU\NLR\AUTH\880430537
801 #0 - ИСТОЧНИК ЗАПИСИ
Страна Российская Федерация
Организация РГБ
Дата составления 20160715
Правила каталогизации RCR
942 ## - ДОПОЛНИТЕЛЬНЫЕ ЭЛЕМЕНТЫ ЗАПИСИ (АБИС)
Тип экземпляра АБИС Книга
980 ## - КОЛЛЕКЦИЯ
Название коллекции НБР
980 ## - КОЛЛЕКЦИЯ
Название коллекции Национальная библиография
983 01 - ОБЩЕЕ ПРИМЕЧАНИЕ, СОСТАВЛЕННОЕ КАТАЛОГИЗАТОРОМ
-- KF

Нет доступных экземпляров.